000 00499nam a22001697a 4500
003 PILC
005 20151105133352.0
008 151105b xxu||||| |||| 00| 0 eng d
020 _a9789719946137
050 _aPL 6164.8
_b.L36 2012
100 _aLandicho, Domingo Goan.
245 _aSulyap sa mga bayani /
_cDomingo Goan Landicho.
260 _aQuezon City :
_bC & E Pub.,
_c2012.
300 _aix, 141 pages :
_billustrations ;
_c23 cm.
650 _aHeroes
_zPhilippines.
942 _2lcc
_cBK
_kLOC
999 _c288919
_d288919